Cómputo de votos y declaratorias de elección de 1953-1973 /
El documento es una fotocopia en dos partes partes el 07922 es las elecciones 1970-1974 y el 08001 es 1953-1966. En el CIDCAS existe la versión original de 1953-1966 es el número 08103
Gorde:
| Egile nagusia: | |
|---|---|
| Formatua: | Texto |
| Hizkuntza: | Spanish |
| Gaiak: | |
| Etiketak: |
Etiketa erantsi
Etiketarik gabe, Izan zaitez lehena erregistro honi etiketa jartzen!
|
MARC
| LEADER | 00000 a a2200000 04500 | ||
|---|---|---|---|
| 001 | 42792 | ||
| 003 | cru CIDCACS/ IIS | ||
| 005 | 20231016102651.0 | ||
| 008 | 231016b |||||||| |||| 00| 0 spa d | ||
| 040 | |a cru CIDCACS/ IIS |b cru CIDCACS/ IIS | ||
| 090 | |a 04.04.02 C837c 1953-1973 | ||
| 100 | |a Costa Rica. |b Tribunal Supremo de Elecciones | ||
| 245 | |a Cómputo de votos y declaratorias de elección de 1953-1973 / |c Tribunal Supremo de Elecciones de Costa Rica | ||
| 520 | |a El documento es una fotocopia en dos partes partes el 07922 es las elecciones 1970-1974 y el 08001 es 1953-1966. En el CIDCAS existe la versión original de 1953-1966 es el número 08103 | ||
| 650 | |a ELECCIONES | ||
| 650 | |a COSTA RICA | ||
| 650 | |a PODER EJECUTIVO | ||
| 650 | |a PODER LEGISLATIVO | ||
| 650 | |a VOTACION | ||
| 650 | |a INFORMES | ||
| 650 | |a TRIBUNAL SUPREMO DE ELECCIONES | ||
| 773 | |g ( 1974) | ||
| 942 | |2 z |c LI |h 04.04.02 C837c 1953-1966 |i 08001 |6 040402_C837C_19531966_08001 | ||
| 999 | |c 35257 |d 35257 | ||
